00397nam a2200157Ia 4500003000500000005001700005008000600022020002900028040000900057082001300066100001600079245004200095260003200137300004200169490002800211322820220901130244.0 eng  a9781775612520qpaperbook c3228 aEKF MOST aTIM MOSTERT 0aMandela:bthe young boy/cTim Mostert aCenturionbQualibooksc2018 a16 pagesbcolour illustrationsc21 cm aSpeedy & madibavbook 1